Serie A Goal of the Month - 2022-2023 - Statistics

Statistiche generali
  • Questo quiz è stato fatto 51 volte
  • Il punteggio medio è 6 su 9
Statistiche sulle risposte
Mese Nazione Squadra Calciatore % Corretto
Marzo Georgia Napoli Khvicha Kvaratskhelia
96%
Gennaio Nigeria Napoli Victor Osimhen
94%
Settembre Portogallo Milan Rafael Leão
90%
Ottobre Spagna Milan Brahim Díaz
79%
Novembre Scozia Bologna Lewis Ferguson
79%
Maggio Francia Milan Theo Hernández
77%
Aprile Belgio Milan Alexis Saelemaekers
60%
Febbraio Italia Fiorentina Cristiano Biraghi
46%
Agosto Italia Lecce Lorenzo Colombo
25%
Nessun quiz corrispondente trovato
Distribuzione punteggi
Percentuale di utenti per punteggio
Percentile per numero di risposta
I tuoi punteggi nel tempo
Non hai fatto questo quiz